Random Colors - Statistics

General Stats
  • This quiz has been taken 22 times
  • The average score is 18 of 40
Answer Stats
Answer % Correct
Blue
95%
Yellow
95%
Gray
89%
Orange
89%
Pink
89%
Red
89%
Brown
84%
Green
84%
Purple
84%
Black
79%
White
68%
Navy Blue
63%
Gold
58%
Violet
58%
Magenta
53%
Beige
47%
Lime
47%
Amethyst
42%
Baby Blue
42%
Cyan
42%
Teal
42%
Silver
37%
Indigo
32%
Maroon
32%
Tan
32%
Crimson
26%
Olive Green
26%
Aquamarine
21%
Lemon
21%
Bronze
16%
Coral Pink
16%
Acid Green
11%
Amazon
11%
Bone
11%
Bud Green
11%
Burnt Orange
11%
Celadon
11%
Dandelion
11%
Eggplant
11%
Orchid
11%
No matching quizzes found
Score Distribution
Percent of People with Each Score
Percentile by Number Answered
Your Score History
You have not taken this quiz